Normal view
MARC view
Entry Personal Name
001 - CONTROL NUMBER
- control field: 60927
003 - CONTROL NUMBER IDENTIFIER
- control field: OSt
005 - DATE AND TIME OF LATEST TRANSACTION
- control field: 20260602120540.0
008 - FIXED-LENGTH DATA ELEMENTS
- fixed length control field: 260602|| aca||aabn | a|a d
040 ## - CATALOGING SOURCE
- Original cataloging agency: OSt
- Transcribing agency: OSt
100 ## - HEADING--PERSONAL NAME
- Personal name: Nair, Govindan
670 ## - SOURCE DATA FOUND
- Source citation: Work cat.: (OSt): Nair, Govindan, Travelling in the wild
